[Event "8 Player Open 19"]
[Site "SchemingMind.com"]
[Date "2015.01.08"]
[Round "-"]
[White "emvarela"]
[Black "Stephen Woodhouse"]
[Result "0-1"]
[WhiteCountry "ARG"]
[BlackCountry "ENG"]
[WhiteElo "1660"]
[WhiteRD "50"]
[BlackElo "1859"]
[BlackRD "49"]
[GameID "372371"]

1. e4 e6 2. d4 d5 3. Nc3 Nf6 4. e5 Nfd7 5. f4 c5 6. dxc5 Bxc5 7. Bb5 Qb6 8. Nf3 a6 9. Bxd7+ Bxd7 10. Qe2 Nc6
11. Na4 Qa5+ 12. Nc3 d4 13. Bd2 dxc3 14. Bxc3 Bb4 15. Bxb4 Qxb4+ 16. c3 Qxf4 17. O-O O-O 18. Rad1 Rfd8 19. g3 Qh6 20. Rd6 Be8
21. Rfd1 Rxd6 22. Rxd6 Qh5 23. Kf2 g5 24. Kg2 g4 25. Nd4 Nxe5 26. Kg1 Nf3+ 27. Nxf3 gxf3 28. Qc4 f2+ 29. Kxf2 Qxh2+ 30. Kf3 Bc6+
0-1

[Event "8 Player Open 19"]
[Site "SchemingMind.com"]
[Date "2015.01.08"]
[Round "-"]
[White "Stephen Woodhouse"]
[Black "emvarela"]
[Result "1-0"]
[WhiteCountry "ENG"]
[BlackCountry "ARG"]
[WhiteElo "1859"]
[WhiteRD "49"]
[BlackElo "1660"]
[BlackRD "50"]
[GameID "372372"]

1. e4 e5 2. Nf3 Nc6 3. d4 exd4 4. Nxd4 Bc5 5. Be3 Qf6 6. c3 Nxd4 7. Bxd4 Bxd4 8. Qxd4 Qxd4 9. cxd4 d6 10. Nc3 Ne7
11. Nb5 Kd7 12. Bc4 f5 13. e5 a6 14. Nc3 dxe5 15. dxe5 b5 16. O-O-O+ Ke8 17. Be2 Be6 18. f4 Kf7 19. Bf3 Rad8 20. Rxd8 Rxd8
21. Rd1 Rxd1+ 22. Kxd1 c6 23. a3 Bd5 24. Nxd5 Nxd5 25. Bxd5+ cxd5 26. Kd2 Ke6 27. Kc3 a5 28. Kd4 g6 29. g3 b4 30. axb4 axb4
31. b3 h6 32. Kc5
1-0

[Event "8 Player Open 19"]
[Site "SchemingMind.com"]
[Date "2015.01.12"]
[Round "-"]
[White "emvarela"]
[Black "Scooter"]
[Result "1/2-1/2"]
[WhiteCountry "ARG"]
[BlackCountry "USA"]
[WhiteElo "1679"]
[WhiteRD "50"]
[BlackElo "1713"]
[BlackRD "44"]
[GameID "372584"]

1. e4 c6 2. d4 d5 3. exd5 cxd5 4. c4 Nf6 5. Nc3 e6 6. Bd2 Bb4 7. a3 Bxc3 8. Bxc3 a6 9. Nf3 Nc6 10. cxd5 Nxd5
11. Bc4 b5 12. Bxd5 Qxd5 13. O-O O-O 14. Re1 a5 15. Ne5 Bb7 16. Nxc6 Bxc6 17. f3 Rfd8 18. Re5 Qc4 19. Rc5 Qxc5 20. dxc5 Rxd1+
21. Rxd1 Bd5 22. b4 axb4 23. axb4 Ra3 24. Be1 Kf8 25. Kf2 Ra2+ 26. Rd2 Ke7 27. Rxa2 Bxa2 28. Ke3 Bd5 29. Bg3 g5 30. Bd6+ Kd7
31. g3 f5 32. f4 g4=
1/2-1/2

[Event "8 Player Open 19"]
[Site "SchemingMind.com"]
[Date "2015.01.12"]
[Round "-"]
[White "Scooter"]
[Black "emvarela"]
[Result "1-0"]
[WhiteCountry "USA"]
[BlackCountry "ARG"]
[WhiteElo "1713"]
[WhiteRD "44"]
[BlackElo "1679"]
[BlackRD "50"]
[GameID "372585"]

1. d4 d5 2. Nf3 Nc6 3. Bf4 Nf6 4. e3 e6 5. Bb5 Bd7 6. O-O a6 7. Bxc6 Bxc6 8. Nbd2 Bd6 9. Bxd6 Qxd6 10. c3 O-O
11. Re1 h6 12. c4 dxc4 13. Nxc4 Bxf3 14. Qxf3 Qd5 15. Qxd5 Nxd5 16. a3 b5 17. Ne5 Rac8 18. Rac1 f6 19. Nd7 Rf7 20. Nc5 a5
21. Nxe6 b4 22. Rc5 Rd7 23. Rxa5 bxa3 24. Rxa3 Nb6 25. Ra7 c5 26. Rxd7 Nxd7 27. Nxc5 Nxc5 28. Rc1 Rb8 29. Rxc5 Rxb2 30. g3 Kf7
31. Rc7+ Kg6 32. d5 Rd2 33. e4 h5 34. h4 Rd4 35. f3 Rd1+ 36. Kf2 Rd2+ 37. Ke1 Rd4 38. Ke2 Kh6 39. Ke3 Rd1 40. Rc2 g5
41. hxg5+ Kxg5 42. Rd2 Re1+ 43. Kf2 Ra1 44. d6 Ra8 45. d7 Rd8 46. Rd5+ Kg6 47. Ke3
1-0

[Event "8 Player Open 19"]
[Site "SchemingMind.com"]
[Date "2015.01.07"]
[Round "-"]
[White "Scooter"]
[Black "Stephen Woodhouse"]
[Result "1/2-1/2"]
[WhiteCountry "USA"]
[BlackCountry "ENG"]
[WhiteElo "1778"]
[WhiteRD "45"]
[BlackElo "1891"]
[BlackRD "50"]
[GameID "372586"]

1. d4 e6 2. Nf3 d5 3. Bf4 c5 4. e3 Nc6 5. c3 Bd6 6. Bxd6 Qxd6 7. Bb5 Bd7 8. O-O Nf6 9. Nbd2 O-O 10. Re1 cxd4
11. cxd4 Rac8 12. Bxc6 Rxc6 13. Ne5 Rc7 14. Rc1 Rfc8 15. Rxc7 Rxc7 16. Nxd7 Qxd7 17. Qb1 Qc8 18. Nb3 Ne4 19. Rc1 Kf8 20. Rxc7 Qxc7
21. Qc1 Qxc1+ 22. Nxc1 Ke7 23. Kf1 Kd6 24. Ke2 f5 25. f3 Nf6 26. Nd3 Nd7 27. b4= b6 28. b5 g5=
1/2-1/2

[Event "8 Player Open 19"]
[Site "SchemingMind.com"]
[Date "2015.01.07"]
[Round "-"]
[White "Stephen Woodhouse"]
[Black "Scooter"]
[Result "1-0"]
[WhiteCountry "ENG"]
[BlackCountry "USA"]
[WhiteElo "1891"]
[WhiteRD "50"]
[BlackElo "1778"]
[BlackRD "45"]
[GameID "372587"]

1. e4 e5 2. Nf3 Nc6 3. d4 exd4 4. Nxd4 Nxd4 5. Qxd4 Qf6 6. Be3 g6 7. Nc3 Bg7 8. O-O-O Qxd4 9. Bxd4 Bxd4 10. Rxd4 c6
11. e5 Ne7 12. Ne4 Nf5 13. Nd6+ Nxd6 14. Rxd6 O-O 15. g3 Re8 16. f4 Re6 17. Bh3 f5 18. Rhd1 Rxd6 19. Rxd6 Kf7 20. Bf1 b5
21. c4 a6 22. a4 Rb8 23. cxb5 axb5 24. a5 Ke7 25. b4 Ba6 26. Kd2 Bb7 27. Kc3 Ba6 28. Kd4 Bb7 29. Kc5 Ba6 30. Bd3 Bc8
31. Bc2 Ba6 32. Bb3
1-0

[Event "8 Player Open 19"]
[Site "SchemingMind.com"]
[Date "2015.01.19"]
[Round "-"]
[White "emvarela"]
[Black "Geoffrey Rosser"]
[Result "1-0"]
[WhiteCountry "ARG"]
[BlackCountry "ENG"]
[WhiteElo "1695"]
[WhiteRD "49"]
[BlackElo "1847"]
[BlackRD "80"]
[GameID "373193"]

1. e4 e5 2. Nf3 Nc6 3. Bb5 Nf6 4. O-O Nxe4 5. Re1 Nd6 6. Nxe5 Be7 7. Bxc6 dxc6 8. Qf3 O-O 9. d4 Nf5 10. c3 Bd6
11. Bf4 Be6 12. Nd2 f6 13. Nd3 Bd5 14. Qg4 Ne7 15. Bxd6 cxd6 16. Nf4 Bf7 17. Ne6 Bxe6 18. Qxe6+ Rf7 19. Nc4 Nc8 20. Qe8+ Rf8
21. Qxd8 Rxd8 22. Re2 Kf7 23. Rae1 b6 24. a4 d5 25. Nd2 Nd6 26. g4 Re8 27. Rxe8 Rxe8 28. Rxe8 Nxe8 29. f3 Kg6 30. Kf2 h5
31. h4 Nc7 32. Kg3 a6 33. f4 hxg4 34. Kxg4 f5+ 35. Kg3 Ne8 36. Nf3 c5 37. Ne5+ Kh5 38. dxc5 bxc5 39. Nd7 c4 40. Nc5 Nc7
41. b4 Kg6 42. Nd7 Kf7 43. Ne5+ Ke6 44. h5 Ne8 45. b5 axb5 46. axb5 Nd6 47. b6 Ke7 48. Kh4 Kd8 49. Kg5 Ne4+ 50. Kxf5 Nxc3
51. Kg6 Na4 52. b7 Kc7 53. b8=Q+ Kxb8 54. Kxg7 c3 55. h6 c2 56. Nd3 Nc5 57. Nc1 Ne6+ 58. Kg8 Nxf4 59. h7 Ng6 60. Kg7
1-0

[Event "8 Player Open 19"]
[Site "SchemingMind.com"]
[Date "2015.01.15"]
[Round "-"]
[White "Geoffrey Rosser"]
[Black "Scooter"]
[Result "0-1"]
[WhiteCountry "ENG"]
[BlackCountry "USA"]
[WhiteElo "1821"]
[WhiteRD "65"]
[BlackElo "1731"]
[BlackRD "44"]
[GameID "373194"]

1. e4 c6 2. d4 d5 3. Nc3 dxe4 4. Nxe4 Bf5 5. Nc5 b6 6. Nb3 Nf6 7. Nf3 h6 8. Be2 e6 9. Ne5 Be7 10. Bf3 Be4
11. O-O Nbd7 12. Nxc6 Bxc6 13. Bxc6 Rc8 14. Bxd7+ Qxd7 15. c3 O-O 16. Nd2 Qd5 17. Nf3 Ne4 18. Ne5 Bd6 19. c4 Qb7 20. b3 Rcd8
21. Re1 Bxe5 22. Qf3 Bxd4 23. Rb1 Bxf2+ 24. Kf1 Bxe1 25. Kxe1 Nc5
0-1

[Event "8 Player Open 19"]
[Site "SchemingMind.com"]
[Date "2015.01.15"]
[Round "-"]
[White "Scooter"]
[Black "Geoffrey Rosser"]
[Result "1-0"]
[WhiteCountry "USA"]
[BlackCountry "ENG"]
[WhiteElo "1731"]
[WhiteRD "44"]
[BlackElo "1821"]
[BlackRD "65"]
[GameID "373195"]

1. d4 Nf6 2. Nf3 g6 3. Bf4 Bg7 4. e3 Nd5 5. Bg3 O-O 6. Be2 d6 7. O-O c5 8. c3 cxd4 9. cxd4 Qb6 10. b3 Bf5
11. Bd3 Bxd3 12. Qxd3 Rc8 13. h3 Na6 14. a3 Qa5 15. Nbd2 Nc5 16. dxc5 Bxa1 17. Rxa1 Rxc5 18. Qd4 Rc2 19. b4 Qb5 20. Ne1 Nc3
21. a4 Nxa4 22. Nxc2 Rc8 23. Qxa7 Rxc2 24. Qxa4 Qxa4 25. Rxa4 Rxd2 26. Bh4 f6 27. Ra7 h5 28. f3 g5 29. Be1 Rc2 30. Rxb7 Rc1
31. Kf1 Kf7 32. b5 Rb1 33. b6 Rb5 34. g3 Ke6 35. e4 Rb3 36. Kg2 d5 37. exd5+ Kd6 38. Bf2
1-0

[Event "8 Player Open 19"]
[Site "SchemingMind.com"]
[Date "2015.01.15"]
[Round "-"]
[White "Geoffrey Rosser"]
[Black "Stephen Woodhouse"]
[Result "0-1"]
[WhiteCountry "ENG"]
[BlackCountry "ENG"]
[WhiteElo "1821"]
[WhiteRD "65"]
[BlackElo "1883"]
[BlackRD "48"]
[GameID "373196"]

1. e4 e6 2. d4 d5 3. Nd2 c5 4. Ngf3 cxd4 5. exd5 Qxd5 6. Bc4 Qd6 7. O-O Nf6 8. Nb3 Nc6 9. Nbxd4 Nxd4 10. Qxd4 Qxd4
11. Nxd4 a6 12. Bg5 Be7 13. Rfe1 h6 14. Bxf6 Bxf6 15. Rad1 Bxd4 16. Rxd4 Bd7 17. Bd5 O-O-O 18. Rc4+ Kb8 19. Bf3 Rc8 20. Rb4 Bc6
21. Be2 Kc7 22. Rf4 f6 23. Rc4 e5 24. Bf3 Kb6 25. Bxc6 Rxc6 26. Rxc6+ Kxc6 27. Re3 Rd8 28. Rc3+ Kb6 29. Kf1 Rd5 30. Ke2 Rc5
31. Kd3 Rxc3+ 32. Kxc3 Kc5 33. a4 f5 34. f3 g5 35. b4+ Kd5 36. Kd3 b5 37. axb5 axb5 38. c4+ bxc4+ 39. Kc3 e4 40. b5 e3
0-1

[Event "8 Player Open 19"]
[Site "SchemingMind.com"]
[Date "2015.01.16"]
[Round "-"]
[White "Stephen Woodhouse"]
[Black "Geoffrey Rosser"]
[Result "0-1"]
[WhiteCountry "ENG"]
[BlackCountry "ENG"]
[WhiteElo "1883"]
[WhiteRD "48"]
[BlackElo "1821"]
[BlackRD "65"]
[GameID "373197"]

1. e4 e5 2. Nf3 Nc6 3. d4 exd4 4. Nxd4 Nf6 5. Nc3 Bc5 6. Be3 Bb4 7. Nxc6 Bxc3+ 8. bxc3 dxc6 9. Qxd8+ Kxd8 10. O-O-O+ Bd7
11. Bg5 Kc8 12. f3 Be6 13. c4 Nd7 14. Kb2 b5 15. Kc3 a6 16. Bf4 Nc5 17. Be2 Na4+ 18. Kb4 Nb2 19. Rd4 a5+ 20. Kc3 Nxc4
21. Bxc4 Bxc4 22. a3 c5 23. Rd2 Rd8 24. Rhd1 Rxd2 25. Rxd2 Be6 26. Be3 b4+ 27. Kb2 c4 28. axb4 axb4 29. Rd1 c3+ 30. Kb1 Ra2
31. Rd4 Rb2+ 32. Kc1 Ba2 33. Kd1 Bb1 34. Rc4 Bxc2+ 35. Ke1 Bd3 36. Rc5 Re2+
0-1

[Event "8 Player Open 19"]
[Site "SchemingMind.com"]
[Date "2015.01.16"]
[Round "-"]
[White "Geoffrey Rosser"]
[Black "thefriediceman"]
[Result "0-1"]
[WhiteCountry "ENG"]
[BlackCountry "USA"]
[WhiteElo "1821"]
[WhiteRD "65"]
[BlackElo "1996"]
[BlackRD "89"]
[GameID "373207"]

1. e4 e5 2. Nf3 Nc6 3. Bc4 Bc5 4. c3 Nf6 5. d3 a6 6. O-O d6 7. d4 exd4 8. cxd4 Ba7 9. e5 dxe5 10. Nxe5 Nxe5
11. dxe5 Qxd1 12. Rxd1 Ng4 13. Bg5 Bxf2+ 14. Kf1 Ne3+ 15. Bxe3 Bxe3 16. Ke2 Bg4+ 17. Kxe3 Bxd1 18. Nc3 Bg4 19. Rf1 O-O 20. Nd5 Bh5
21. Rf5 Bg6 22. Ne7+ Kh8 23. Nxg6+ fxg6 24. Rxf8+ Rxf8 25. Kd4 g5 26. Kd5 g6 27. Ke6 Rf4 28. Bb3 c5 29. Bd5 Kg7 30. Ke7 Rf2
31. e6 Rxb2 32. Kd6 Kf8 33. Kd7 Re2 34. Bxb7 Rd2+ 35. Kc6 c4
0-1

[Event "8 Player Open 19"]
[Site "SchemingMind.com"]
[Date "2015.01.16"]
[Round "-"]
[White "thefriediceman"]
[Black "Geoffrey Rosser"]
[Result "1-0"]
[WhiteCountry "USA"]
[BlackCountry "ENG"]
[WhiteElo "1996"]
[WhiteRD "89"]
[BlackElo "1821"]
[BlackRD "65"]
[GameID "373208"]

1. e4 e5 2. Nc3 Nf6 3. g3 d5 4. Bg2 dxe4 5. Nxe4 Nc6 6. Ne2 Bc5 7. O-O Nxe4 8. Bxe4 Bh3 9. Bg2 Bxg2 10. Kxg2 Qd5+
11. Kg1 O-O-O 12. Nc3 Qe6 13. d3 f5 14. Be3 Bxe3 15. fxe3 e4 16. d4 Ne5 17. Kg2 Ng4 18. Qe2 Qh6 19. Kg1 Qxe3+ 20. Kh1 g6
21. h3 Qxe2 22. Nxe2 Ne3 23. Rfc1 g5 24. b3 Nd5 25. c4 Nb4 26. d5 Nd3 27. Rf1 Rdf8 28. Rad1 h5 29. Nc3 e3 30. Rxd3 f4
31. gxf4 gxf4 32. Rf3 Re8 33. Ne2 Rhf8 34. Rd4 Rf6 35. Rdxf4 Ra6 36. Rf8 Rxf8 37. Rxf8+ Kd7 38. Rf3 Rxa2 39. Rxe3 a5 40. Nf4 Ra3
41. Nxh5 a4 42. c5 b5 43. Nf6+ Kc8 44. c6 Kb8 45. Re8+ Ka7 46. bxa4 Rxa4 47. Rc8 Rf4 48. Nd7 Rd4 49. Rxc7+ Ka6 50. Nb8+ Ka5
51. Ra7+ Kb6 52. Rb7+
1-0

[Event "8 Player Open 19"]
[Site "SchemingMind.com"]
[Date "2015.01.17"]
[Round "-"]
[White "thefriediceman"]
[Black "emvarela"]
[Result "1-0"]
[WhiteCountry "USA"]
[BlackCountry "ARG"]
[WhiteElo "2024"]
[WhiteRD "89"]
[BlackElo "1679"]
[BlackRD "50"]
[GameID "373209"]

1. e4 e5 2. Nc3 Nf6 3. g3 d5 4. Bg2 d4 5. Nce2 c5 6. d3 Nc6 7. h3 Be7 8. f4 O-O 9. Nf3 exf4 10. Nxf4 Bd6
11. O-O Bxf4 12. Bxf4 Be6 13. Kh2 c4 14. g4 h6 15. Qd2 cxd3 16. cxd3 Qb6 17. Nh4 Rac8 18. Bxh6 gxh6 19. Rxf6 Qc7+ 20. Kg1 Qg3
21. Qxh6 Qe3+ 22. Qxe3 dxe3 23. Nf5 Bxf5 24. Rxf5 Nd4 25. Rg5+ Kh7 26. Re1 e2 27. Kf2 Rc2 28. Rd5 Ne6 29. Rd7 Rxb2 30. Rxe2 Rxe2+
31. Kxe2
1-0

[Event "8 Player Open 19"]
[Site "SchemingMind.com"]
[Date "2015.01.17"]
[Round "-"]
[White "emvarela"]
[Black "thefriediceman"]
[Result "0-1"]
[WhiteCountry "ARG"]
[BlackCountry "USA"]
[WhiteElo "1679"]
[WhiteRD "50"]
[BlackElo "2024"]
[BlackRD "89"]
[GameID "373210"]

1. e4 e5 2. Nf3 Nc6 3. Bb5 a6 4. Bxc6 dxc6 5. O-O Qd6 6. d3 Ne7 7. Nc3 Bg4 8. h3 Bd7 9. Be3 O-O-O 10. Nd2 Qg6
11. Qf3 b6 12. Nc4 f6 13. a4 c5 14. Nd5 Kb7 15. a5 Nc8 16. b4 b5 17. Bxc5 bxc4 18. dxc4 Nd6 19. Nxc7 Qxe4 20. Qxe4+ Nxe4
21. Bxf8 Rhxf8 22. Nd5 Nd2 23. Rfd1 Nxc4 24. Nc3 Bf5 25. b5 Bxc2 26. Rxd8 Rxd8 27. bxa6+ Kxa6 28. Rc1 Bg6 29. Ne2 Bf7
0-1

[Event "8 Player Open 19"]
[Site "SchemingMind.com"]
[Date "2015.01.15"]
[Round "-"]
[White "thefriediceman"]
[Black "Scooter"]
[Result "1-0"]
[WhiteCountry "USA"]
[BlackCountry "USA"]
[WhiteElo "1963"]
[WhiteRD "94"]
[BlackElo "1778"]
[BlackRD "45"]
[GameID "373211"]

1. e4 c6 2. Nc3 d5 3. g3 dxe4 4. Nxe4 Bf5 5. Bg2 Bxe4 6. Bxe4 Nf6 7. Bg2 e6 8. Ne2 Be7 9. O-O O-O 10. d3 Nbd7
11. h3 Rc8 12. Kh2 Bd6 13. f4 Nd5 14. Bd2 N7f6 15. a3 Bc5 16. b4 Be3 17. Rf3 Qb6 18. Be1 Rfd8 19. c4 Ne7 20. c5 Bxc5
21. bxc5 Qxc5 22. Bb4 Qh5 23. Bxe7
1-0

[Event "8 Player Open 19"]
[Site "SchemingMind.com"]
[Date "2015.01.15"]
[Round "-"]
[White "Scooter"]
[Black "thefriediceman"]
[Result "0-1"]
[WhiteCountry "USA"]
[BlackCountry "USA"]
[WhiteElo "1778"]
[WhiteRD "45"]
[BlackElo "1963"]
[BlackRD "94"]
[GameID "373212"]

1. d4 d5 2. Nf3 e6 3. Bf4 Nf6 4. e3 h6 5. Be2 Nbd7 6. O-O Nh5 7. Nbd2 Nxf4 8. exf4 Bd6 9. Ne5 O-O 10. g3 c5
11. dxc5 Bxc5 12. Ndf3 Nf6 13. Bd3 Qb6 14. Qe2 Qxb2 15. Rfb1 Qa3 16. Rb3 Qa5 17. Rb5 Qc7
0-1

[Event "8 Player Open 19"]
[Site "SchemingMind.com"]
[Date "2015.01.15"]
[Round "-"]
[White "thefriediceman"]
[Black "Stephen Woodhouse"]
[Result "1/2-1/2"]
[WhiteCountry "USA"]
[BlackCountry "ENG"]
[WhiteElo "1963"]
[WhiteRD "94"]
[BlackElo "1891"]
[BlackRD "50"]
[GameID "373213"]

1. e4 e6 2. Nc3 d5 3. g3 Nf6 4. Bg2 Be7 5. f4 dxe4 6. Nxe4 O-O 7. d3 Nbd7 8. Be3 e5 9. Ne2 Nxe4 10. Bxe4 exf4
11. Nxf4 Nf6 12. Bf3 c6 13. Qd2 Bg4 14. Bg2 Re8 15. O-O Qd7 16. h3 Be6 17. Nxe6 Qxe6 18. Kh2 Bd6 19. Rfe1 Qd7 20. Bf2 Rxe1
21. Rxe1 Re8 22. Rxe8+ Qxe8 23. Bf3 Qe5 24. c3 Kf8 25. Qe3 Qxe3 26. Bxe3 a6 27. c4 Ke7 28. Kg2 Nd7 29. b3 f5=
1/2-1/2

[Event "8 Player Open 19"]
[Site "SchemingMind.com"]
[Date "2015.01.15"]
[Round "-"]
[White "Stephen Woodhouse"]
[Black "thefriediceman"]
[Result "1/2-1/2"]
[WhiteCountry "ENG"]
[BlackCountry "USA"]
[WhiteElo "1883"]
[WhiteRD "48"]
[BlackElo "1996"]
[BlackRD "89"]
[GameID "373214"]

1. e4 e5 2. Nf3 Nc6 3. d4 exd4 4. Nxd4 Bc5 5. Be3 Qf6 6. c3 Nge7 7. Bc4 Ne5 8. Be2 d5 9. O-O O-O 10. f4 N5c6
11. e5 Qh4 12. g3 Qh3 13. Bf3 Bb6 14. Qd2 Nxd4 15. Bxd4 Bxd4+ 16. cxd4 c6 17. Nc3 Bg4 18. Bxg4 Qxg4 19. Qe2 Qg6 20. Rac1 Nf5
21. Qf2 Rfe8 22. b4 Qe6 23. Na4 b6 24. Rc2 Rec8 25. Rfc1 Kf8 26. g4 Nh6 27. h3 Qd7 28. Nb2 Ng8 29. f5 h6 30. Nd3 Qe8
31. Nf4 Ke7 32. e6 Nf6 33. exf7 Kxf7 34. Ne6 Ne4 35. Qf4 Qd7 36. Qe5 Nf6 37. g5 hxg5 38. Nxg5+ Kf8 39. Qe6 Qe7 40. Qxe7+ Kxe7
41. Rxc6 Rxc6 42. Rxc6 Kd7 43. Rc2 Rh8 44. Kg2 Rh5 45. Nf3 Rxf5 46. Ne5+ Kd8 47. Nc6+ Kd7 48. Nxa7 Rf4 49. Nc6 Kc7 50. b5 Re4
51. Kf3 Rh4 52. Kg3 Re4 53. Ne5+ Kb7 54. Nf3 Nh5+ 55. Kf2 Nf4 56. h4 Ng6 57. Re2 Rg4 58. h5 Nf4 59. Re7+ Kc8 60. Ne5 Nh3+
61. Kf3 Rxd4 62. Rxg7 Rh4 63. Ke3 Rxh5 64. Kd4 Nf4 65. Rf7 Rh4 66. Nf3 Rg4 67. Ke5 Ne2 68. Rf8+ Kb7 69. Rf7+=
1/2-1/2

[Event "8 Player Open 19"]
[Site "SchemingMind.com"]
[Date "2015.01.24"]
[Round "-"]
[White "Geoffrey Rosser"]
[Black "jerryface"]
[Result "1-0"]
[WhiteCountry "ENG"]
[BlackCountry "USA"]
[WhiteElo "1853"]
[WhiteRD "77"]
[BlackElo "1572"]
[BlackRD "87"]
[GameID "373567"]

1. e4 e6 2. d4 d5 3. Nd2 Nf6 4. e5 Ne4 5. Nxe4 dxe4 6. Ne2 c5 7. c3 cxd4 8. cxd4 Nc6 9. Be3 Qa5+ 10. Nc3 Bb4
11. Qc2 b6 12. Be2 Ba6 13. Bxa6 Qxa6 14. Qe2 Bxc3+ 15. bxc3 Qxe2+ 16. Kxe2 O-O 17. Rab1 Rfd8 18. Bg5 Rd7 19. Ke3 Na5 20. Kxe4 h6
21. Be3 Rc8 22. Rhc1 Rc6 23. f4 Nc4 24. g4 Rdc7 25. Kd3 Nxe3 26. Kxe3 Rxc3+ 27. Kd2 R3c4 28. Rxc4 Rxc4 29. Kd3 Rc6 30. f5 g5
31. fxg6 fxg6 32. Rf1 a5 33. Rf6 Kg7 34. d5 Rc5 35. Rxe6 Rxd5+ 36. Ke4 Rd2 37. Rxb6 Rxh2 38. Rb7+ Kf8 39. Kd5 Rxa2 40. Ke6 Rg2
41. Kf6 Rf2+ 42. Kxg6 a4 43. Kxh6 Rf7 44. Rb8+ Ke7 45. Ra8 Rf4 46. g5 Rf5 47. g6
1-0

[Event "8 Player Open 19"]
[Site "SchemingMind.com"]
[Date "2015.01.23"]
[Round "-"]
[White "jerryface"]
[Black "Geoffrey Rosser"]
[Result "1/2-1/2"]
[WhiteCountry "USA"]
[BlackCountry "ENG"]
[WhiteElo "1572"]
[WhiteRD "87"]
[BlackElo "1853"]
[BlackRD "77"]
[GameID "373568"]

1. e4 e5 2. Nf3 Nc6 3. Bb5 Nf6 4. Bxc6 dxc6 5. O-O Nxe4 6. Nxe5 Qd5 7. d4 Be6 8. c4 Qd6 9. Re1 Nf6 10. Nc3 O-O-O
11. Be3 h5 12. Qa4 a6 13. Rad1 Qb4 14. Qc2 Nd7 15. Nxd7 Bxd7 16. d5 Qe7 17. Ba7 Qh4 18. Re4 Qg5 19. Red4 Bh3 20. g3 h4
21. dxc6 Bd6 22. Qb3 bxc6 23. Qb8+ Kd7 24. Rxd6+ cxd6 25. Qxd6+ Ke8 26. Qxc6+ Bd7 27. Qe4+ Be6 28. Rxd8+ Qxd8 29. Nd5 Kf8 30. Bc5+ Ke8
31. Qe5 hxg3 32. hxg3 Rg8 33. Nc7+ Kd7 34. Nxe6 fxe6 35. Qd6+ Kc8 36. Qxa6+ Kd7 37. Qd6+ Kc8 38. Qxe6+ Kb7 39. Qe4+ Kc7 40. Qe5+ Kc8
41. Qe6+ Kb7 42. Bd6 Qe8 43. Qd5+ Kc8 44. Qc5+ Kd7=
1/2-1/2

[Event "8 Player Open 19"]
[Site "SchemingMind.com"]
[Date "2015.01.23"]
[Round "-"]
[White "thefriediceman"]
[Black "jerryface"]
[Result "1-0"]
[WhiteCountry "USA"]
[BlackCountry "USA"]
[WhiteElo "2024"]
[WhiteRD "89"]
[BlackElo "1620"]
[BlackRD "93"]
[GameID "373569"]

1. e4 e6 2. Nc3 d5 3. g3 d4 4. Nce2 b6 5. d3 c5 6. f4 g6 7. Nf3 Bg7 8. Bg2 Bb7 9. h3 Nf6 10. g4 Nbd7
11. Ng3 O-O 12. g5 Ne8 13. h4 f5 14. h5 Nd6 15. e5 Nb5 16. Bd2 Nc7 17. Kf2 Nd5 18. Nh4 gxh5 19. Qxh5 Qe8 20. Qe2 Rf7
21. g6 hxg6 22. Nxg6 Nf8 23. Qh5 Ne3 24. Bxb7 Rxb7 25. Nxf8 Ng4+ 26. Ke2 Kxf8 27. Qh7 Qc6 28. Qh3 Kf7 29. Qf1 Rh8 30. Rxh8 Bxh8
31. Qh3
1-0

[Event "8 Player Open 19"]
[Site "SchemingMind.com"]
[Date "2015.01.23"]
[Round "-"]
[White "jerryface"]
[Black "thefriediceman"]
[Result "0-1"]
[WhiteCountry "USA"]
[BlackCountry "USA"]
[WhiteElo "1620"]
[WhiteRD "93"]
[BlackElo "2024"]
[BlackRD "89"]
[GameID "373570"]

1. e4 e5 2. Nf3 Nc6 3. Bb5 a6 4. Bxc6 dxc6 5. O-O Qd6 6. c3 Bg4 7. h3 Bh5 8. g4 Bg6 9. Re1 h6 10. Nh4 Bh7
11. Qf3 Ne7 12. Ng2 f6 13. Ne3 Qd3 14. Qg3 Qxe4 15. d4 O-O-O 16. Nd2 Qf4 17. dxe5 fxe5 18. Nef1 Ng6 19. Ne4 Qxg3+ 20. Nfxg3 Nf4
21. Bxf4 exf4 22. Nh5 g5 23. Nef6 Bg6 24. Rad1 Bd6 25. Ng7 Rdf8 26. Nfh5 Bf7 27. Nf5 Bxh5 28. Nxd6+ cxd6 29. gxh5 Kd7 30. f3 Re8
31. Rf1 Re2 32. Rf2 Rhe8 33. a3 Re1+ 34. Rxe1 Rxe1+ 35. Kg2 Ke6 36. Rf1 Rxf1 37. Kxf1 Kd5 38. Ke2 Kc4 39. Kd2 a5 40. Kc2 a4
41. Kd2 c5 42. Kc2 d5 43. Kd2 b5 44. Kc2 d4 45. cxd4 cxd4 46. Kd2 d3 47. Kd1 Kb3 48. Kc1 d2+ 49. Kxd2 Kxb2
0-1

[Event "8 Player Open 19"]
[Site "SchemingMind.com"]
[Date "2015.01.26"]
[Round "-"]
[White "emvarela"]
[Black "jerryface"]
[Result "1-0"]
[WhiteCountry "ARG"]
[BlackCountry "USA"]
[WhiteElo "1673"]
[WhiteRD "49"]
[BlackElo "1572"]
[BlackRD "87"]
[GameID "373571"]

1. e4 e6 2. d4 d5 3. Nc3 Bb4 4. e5 Ne7 5. a3 Bxc3+ 6. bxc3 O-O 7. f4 b6 8. Nf3 Nd7 9. Bd3 c5 10. Be3 c4
11. Be2 Nf5 12. Bf2 f6 13. O-O fxe5 14. Nxe5 Nxe5 15. fxe5 Nh6 16. Be3 Rxf1+ 17. Qxf1 Nf7 18. Qf3 h6 19. Bxc4 Qc7 20. Rf1 Bb7
21. Bd3 Rf8 22. Bxh6 gxh6 23. Qg4+ Ng5 24. h4 Rxf1+ 25. Bxf1 Qg7 26. hxg5 Qxg5 27. Qxe6+ Kg7 28. Qd7+ Kf8 29. Qxb7 Qc1 30. Qxd5 Qxc2
31. Qd8+ Kg7 32. Qe7+ Kh8 33. Qf6+
1-0

[Event "8 Player Open 19"]
[Site "SchemingMind.com"]
[Date "2015.01.26"]
[Round "-"]
[White "jerryface"]
[Black "emvarela"]
[Result "0-1"]
[WhiteCountry "USA"]
[BlackCountry "ARG"]
[WhiteElo "1620"]
[WhiteRD "93"]
[BlackElo "1679"]
[BlackRD "50"]
[GameID "373572"]

1. e4 e5 2. Nf3 Nc6 3. Bb5 a6 4. Bxc6 dxc6 5. O-O Bd6 6. d4 Bg4 7. h3 Bxf3 8. Qxf3 Qf6 9. Qb3 O-O-O 10. d5 cxd5
11. exd5 Ne7
0-1

[Event "8 Player Open 19"]
[Site "SchemingMind.com"]
[Date "2015.01.24"]
[Round "-"]
[White "Scooter"]
[Black "jerryface"]
[Result "1-0"]
[WhiteCountry "USA"]
[BlackCountry "USA"]
[WhiteElo "1708"]
[WhiteRD "44"]
[BlackElo "1653"]
[BlackRD "100"]
[GameID "373573"]

1. d4 Nf6 2. Nf3 d6 3. Bf4 b6 4. e3 g6 5. Be2 Bg7 6. O-O O-O 7. Nbd2 Nbd7 8. h3 Re8 9. c4 c5 10. Rc1 Nh5
11. Bh2 Bb7 12. b3 cxd4 13. Nxd4 e5 14. Nb5 Nc5 15. Bxh5 gxh5 16. Qxh5 Re6 17. Qe2 Rg6 18. f3 Bf8 19. Rfd1 e4 20. f4 Nd3
21. Rb1 a6 22. Nc3 Qf6 23. Ncxe4 Bxe4 24. Nxe4 Qg7 25. Rxd3 Re8 26. f5 Rh6 27. Qg4 Qxg4 28. hxg4 Rxe4 29. Rd4 Rxe3 30. Bf4 Rc3
31. Bxh6 Bxh6 32. Rxd6 Be3+ 33. Kh1 Kg7 34. Rbd1 Bc5 35. R6d3
1-0

[Event "8 Player Open 19"]
[Site "SchemingMind.com"]
[Date "2015.01.23"]
[Round "-"]
[White "jerryface"]
[Black "Scooter"]
[Result "1-0"]
[WhiteCountry "USA"]
[BlackCountry "USA"]
[WhiteElo "1653"]
[WhiteRD "100"]
[BlackElo "1708"]
[BlackRD "44"]
[GameID "373574"]

1. e4 c6 2. d4 d5 3. exd5 cxd5 4. Bb5+ Bd7 5. Qd3 a6 6. Bxd7+ Nxd7 7. Nf3 g6 8. O-O Bg7 9. b3 Ngf6 10. Re1 O-O
11. Ba3 Re8 12. Nc3 e6 13. Ne2 Qa5 14. Bd6 Rac8 15. Be5 Ng4 16. Bxg7 Kxg7 17. Nf4 Rc3 18. Qd2 Qc7 19. Rac1 Rc8 20. Ng5 Kg8
21. f3 Nh6 22. Ngxe6 fxe6 23. Nxe6 Qc6 24. Qxh6
1-0

[Event "8 Player Open 19"]
[Site "SchemingMind.com"]
[Date "2015.01.23"]
[Round "-"]
[White "Stephen Woodhouse"]
[Black "jerryface"]
[Result "1-0"]
[WhiteCountry "ENG"]
[BlackCountry "USA"]
[WhiteElo "1859"]
[WhiteRD "49"]
[BlackElo "1653"]
[BlackRD "100"]
[GameID "373575"]

1. e4 e6 2. d4 d5 3. Nd2 Nf6 4. e5 Ne4 5. Nxe4 dxe4 6. Bc4 c5 7. d5 Bd7 8. Ne2 Qb6 9. O-O Bb5 10. Bxb5+ Qxb5
11. Nc3 Qc4 12. dxe6 Qxe6 13. Nxe4 Qxe5 14. Re1 Be7 15. Nd6+ Bxd6 16. Rxe5+ Bxe5 17. Qe2 Nd7 18. f4 O-O 19. fxe5 Rfe8 20. Bf4 f6
21. Qc4+ Kh8 22. exf6 Nxf6 23. Qxc5 b6 24. Qf2 Re7 25. Re1
1-0